[Event "Moscow Open 2009 B"]
[Site "www.moscowchessopen.ru"]
[Date "2009.02.08"]
[Round "9.15"]
[White "Anarkulov, A"]
[Black "Vardanian, Haik G"]
[Result "0-1"]
[WhiteElo "2202"]
[BlackElo "2269"]
[Annotator ""]
[Source ""]
[Remark ""]

1.e4 c5 2.Nc3 a6 3.g3 b5 4.Bg2 Bb7 5.Nge2 e6 6.O-O d6 7.d4 cxd4
8.Nxd4 Nd7 9.a4 b4 10.Na2 a5 11.c3 bxc3 12.Nxc3 Be7 13.Ndb5 Qb8
14.Qd4 Ngf6 15.Rd1 Ra6 16.b4 axb4 17.Qxb4 d5 18.Qb1 dxe4 19.Bf4
e5 20.Bg5 Nc5 21.Bxf6 Rxf6 22.Nd5 Bxd5 23.Rxd5 O-O 24.Bxe4 h5
25.Bg2 h4 26.Qe1 hxg3 27.hxg3 Re6 28.Qe3 0-1

[Event "Moscow Open 2009 B"]
[Site "www.moscowchessopen.ru"]
[Date "2009.02.08"]
[Round "9.16"]
[White "Spichkin, Alexander"]
[Black "Uliashev, Pavel"]
[Result "1/2-1/2"]
[WhiteElo "2201"]
[BlackElo "2267"]
[Annotator ""]
[Source ""]
[Remark ""]

1.c3 Nf6 2.d3 d5 3.h3 e5 4.g4 h6 5.Nd2 Be6 6.Bg2 c6 7.Qc2 Nbd7
8.Ngf3 a5 9.Nf1 Bd6 10.Ng3 Qc7 11.Nf1 O-O-O 12.Bd2 Rhe8 13.O-O-O
c5 14.g5 Ng8 15.Qa4 e4 16.Ne1 f5 17.h4 c4 18.d4 f4 19.b3 Bf5
20.Nc2 Nb8 21.Kb2 Bd7 22.Bh3 Bxh3 23.Rxh3 Qd7 24.Qxd7+ Nxd7 25.bxc4
dxc4 26.Na3 Nb6 27.Nb5 Bb8 28.Kc2 hxg5 29.hxg5 Rd5 30.Rb1 Rxg5
31.Rh4 Rf8 32.Ng3 e3 33.Ne4 Rg2 34.fxe3 fxe3 35.Bxe3 Rxe2+ 36.Bd2
Kd7 37.Rg1 Rf4 38.Rxg7+ Ne7 39.Nc5+ Ke8 40.Rh8+ Rf8 41.Rxf8+
Kxf8 42.Rg4 Nf5 43.Kd1 Re7 44.Rg5 Nd6 45.Rg6 Nbc8 46.Bh6+ Kf7
47.Rg7+ Kf6 48.Nxd6 Bxd6 49.Rg8 Rc7 50.Ne4+ Kf5 51.Nxd6+ Nxd6
52.Rg5+ Ke6 53.Rxa5 Rf7 54.Re5+ Kd7 55.Ke2 Rf5 56.Rxf5 Nxf5 57.Bf8
Kc6 58.Kf3 Kd5 59.Bc5 Ng7 60.a4 Ne6 61.Bb6 Ng5+ 62.Ke3 Ne4 63.Ba5
Nf6 64.Kf4 Kc6 65.Ke3 Kd5 66.Bb4 Kc6 67.Bf8 Kd5 68.Bb4 Kc6 69.Ba3
Kd5 70.Kf4 Kc6 71.Ke5 Nd5 72.Bb2 Ne3 73.Bc1 Nd5 74.Bd2 Nc7 75.Be1
Nd5 76.Ke4 Nc7 77.Ke3 Nd5+ 78.Kd2 Kb6 79.Ke2 Kc6 80.Kf3 Nf6 81.Kf4
Nd5+ 82.Ke5 Nc7 83.a5 Nd5 84.Bd2 Nc7 85.d5+ Nxd5 86.Kd4 Nxc3
87.Kxc3 Kb5 88.Kd4 b6 89.axb6 Kxb6 1/2-1/2

[Event "Moscow Open 2009 B"]
[Site "www.moscowchessopen.ru"]
[Date "2009.02.08"]
[Round "9.17"]
[White "Andreev, Viktor"]
[Black "Simonian, Tigran"]
[Result "0-1"]
[WhiteElo "2258"]
[BlackElo "2207"]
[Annotator ""]
[Source ""]
[Remark ""]

1.e4 c5 2.Nf3 Nc6 3.d4 cxd4 4.Nxd4 Nf6 5.Nc3 e5 6.Ndb5 d6 7.Bg5
a6 8.Na3 b5 9.Nd5 Qa5+ 10.Bd2 Qd8 11.Bg5 Qa5+ 12.Bd2 Qd8 13.Nxf6+
Qxf6 14.c4 Qg6 15.f3 b4 16.Bxb4 Nxb4 17.Qa4+ Bd7 18.Qxb4 d5 19.Qa5
Rb8 20.O-O-O Bb4 21.Qxd5 Qg5+ 22.Kb1 O-O 23.h4 Qf6 24.Nc2 Bc3
25.b3 Ba4 26.c5 Rfd8 27.Ne3 Rxd5 28.Nxd5 Qe6 29.Kc2 Bd4 30.bxa4
Rb2+ 31.Kd3 Qe8 32.c6 Qf8 33.Rd2 Qa3+ 34.Ke2 Bb6 35.f4 Kf8 36.Nxb6
Rxd2+ 37.Kxd2 Qb2+ 38.Kd1 Qxb6 39.Bd3 Qxc6 40.Bc2 exf4 0-1

[Event "Moscow Open 2009 B"]
[Site "www.moscowchessopen.ru"]
[Date "2009.02.08"]
[Round "9.18"]
[White "Erofeev, Alexey"]
[Black "Pletnev, Evgeniy"]
[Result "1-0"]
[WhiteElo "2195"]
[BlackElo "2246"]
[Annotator ""]
[Source ""]
[Remark ""]

1.d4 f5 2.c4 Nf6 3.Nc3 g6 4.h4 Bg7 5.h5 Nxh5 6.e4 Nf6 7.e5 Ng8
8.f4 e6 9.Nf3 d5 10.b3 c6 11.a4 Nd7 12.g4 fxg4 13.Ng5 Nf8 14.Qxg4
dxc4 15.Nge4 Qxd4 16.Ba3 Bxe5 17.fxe5 Qxe5 18.O-O-O Nf6 19.Nxf6+
Qxf6 20.Ne4 Qa1+ 21.Kc2 Qa2+ 22.Bb2 Qxb3+ 23.Kc1 c3 24.Bxc3 Bd7
25.Nd6+ Kd8 26.Bxh8 Qe3+ 27.Kb1 e5 28.Nc4 Qb3+ 29.Nb2 Kc8 30.Qc4
Qf3 31.Bd3 Be6 32.Qe4 Bd5 33.Qxf3 Bxf3 34.Rhf1 e4 35.Rde1 Kc7
36.Bc4 1-0

[Event "Moscow Open 2009 B"]
[Site "www.moscowchessopen.ru"]
[Date "2009.02.08"]
[Round "9.19"]
[White "Loginov, Anton"]
[Black "Kretov, Evgueij"]
[Result "1/2-1/2"]
[WhiteElo "2232"]
[BlackElo "2181"]
[Annotator ""]
[Source ""]
[Remark ""]

1.d4 Nf6 2.c4 e6 3.Nc3 d5 4.Bg5 Be7 5.e3 Nbd7 6.Nf3 O-O 7.Qc2
c5 8.cxd5 Nxd5 9.Bxe7 Qxe7 10.Nxd5 exd5 11.Bd3 g6 12.dxc5 Nxc5
13.Rc1 Nxd3+ 14.Qxd3 Qb4+ 15.Qd2 Qb5 16.Nd4 Qa6 17.a3 Be6 18.Qe2
Qa5+ 19.Qd2 Qa6 20.Qe2 Qa5+ 21.Qd2 1/2-1/2

[Event "Moscow Open 2009 B"]
[Site "www.moscowchessopen.ru"]
[Date "2009.02.08"]
[Round "9.20"]
[White "Grishin, Alexander"]
[Black "Khatoev, Eduard"]
[Result "1/2-1/2"]
[WhiteElo "2231"]
[BlackElo "2120"]
[Annotator ""]
[Source ""]
[Remark ""]

1.Nf3 d5 2.c4 dxc4 3.Na3 a6 4.Nxc4 b5 5.Ne3 Bb7 6.d4 Nf6 7.g3
e6 8.Bg2 Nbd7 9.O-O c5 10.b3 cxd4 11.Qxd4 Bc5 12.Qf4 Qb6 13.Bb2
Bxe3 14.Qxe3 Qxe3 15.fxe3 O-O 16.Ne5 Bxg2 17.Kxg2 Nxe5 18.Bxe5
Ng4 19.Bd4 e5 20.Bc5 Rfc8 21.Rac1 Rxc5 22.Rxc5 Nxe3+ 23.Kf2 Nxf1
24.Kxf1 f6 25.Rc7 h5 26.h4 Kh7 27.Rb7 Kh6 28.Kf2 g5 29.hxg5+
Kxg5 30.Rg7+ Kf5 31.Rh7 Kg6 32.Rb7 Kf5 33.a4 bxa4 34.bxa4 a5
35.Rb6 Kg5 36.Rb7 Kg4 37.Rc7 Ra6 38.Rg7+ Kf5 39.Rh7 Kg6 1/2-1/2

[Event "Moscow Open 2009 B"]
[Site "www.moscowchessopen.ru"]
[Date "2009.02.08"]
[Round "9.21"]
[White "Sinelnikov, Igor"]
[Black "Mikhailov, Alexander B."]
[Result "1-0"]
[WhiteElo "2158"]
[BlackElo "2227"]
[Annotator ""]
[Source ""]
[Remark ""]

1.e4 c5 2.Nc3 e6 3.g3 d5 4.exd5 exd5 5.d4 Nf6 6.Bg2 cxd4 7.Qxd4
Nc6 8.Qd3 d4 9.Nb5 Bc5 10.Bf4 O-O 11.O-O-O Bg4 12.Ne2 a6 13.Nc7
Rc8 14.Bxc6 bxc6 15.f3 Bh5 16.Nxa6 Bb6 17.Bg5 h6 18.Bxf6 Qxf6
19.Nf4 Bg6 20.Nxg6 Qxg6 21.Nb4 Qh5 22.Qb3 Ba5 23.Rxd4 Rb8 24.a3
Qg6 25.Rhd1 c5 26.Rd6 Qg5+ 27.f4 Qg4 28.Qa4 Bxb4 29.axb4 cxb4
30.Kb1 b3 31.cxb3 Qf5+ 32.Ka2 Ra8 33.Ra6 Rxa6 34.Qxa6 Qe4 35.Rd7
Qg2 36.b4 Qxh2 37.Qd3 Qf2 38.Rd8 g6 39.Rxf8+ Kxf8 40.b5 Qc5 41.Qa3
Qxa3+ 42.bxa3 Ke7 43.Kb3 Kd6 44.Kc4 f6 45.Kd4 f5 46.a4 g5 47.fxg5
hxg5 48.a5 1-0

[Event "Moscow Open 2009 B"]
[Site "www.moscowchessopen.ru"]
[Date "2009.02.08"]
[Round "9.22"]
[White "Panko, Alexander"]
[Black "Ivanets, Vladimir"]
[Result "0-1"]
[WhiteElo "2087"]
[BlackElo "2223"]
[Annotator ""]
[Source ""]
[Remark ""]

1.d4 b5 2.e4 Bb7 3.Bd3 Nf6 4.Qe2 e6 5.Nd2 a6 6.c3 Be7 7.Ngf3
d6 8.O-O Nbd7 9.b3 e5 10.Bb2 O-O 11.a4 c6 12.c4 bxc4 13.bxc4
exd4 14.Bxd4 Re8 15.Rfe1 Bf8 16.Rab1 Qc7 17.Qd1 c5 18.Bc3 Ne5
19.Nxe5 dxe5 20.Qc2 Bc6 21.Nf1 Rad8 22.Re3 g6 23.a5 Bh6 24.Rh3
Rxd3 25.Qxd3 Bxe4 26.Qd1 Bxb1 27.Rxh6 Bf5 28.Ne3 Be4 29.Ng4 Nxg4
30.Qxg4 Bf5 31.Qh4 Qd8 32.Rxh7 Qxh4 33.Rxh4 f6 34.g4 g5 35.Rh3
Be6 36.f4 gxf4 37.Rh6 Kg7 38.Rh3 Bxc4 0-1

[Event "Moscow Open 2009 B"]
[Site "www.moscowchessopen.ru"]
[Date "2009.02.08"]
[Round "9.23"]
[White "Kleiman, B"]
[Black "Vetryansky, Vladimir"]
[Result "1/2-1/2"]
[WhiteElo "2295"]
[BlackElo "2114"]
[Annotator ""]
[Source ""]
[Remark ""]

1.d4 d5 2.Nf3 c6 3.e3 Bf5 4.c4 e6 5.Nc3 Nf6 6.Nh4 Bg6 7.Qb3 Qc7
8.Bd2 Nbd7 9.Rc1 Rc8 10.Be2 Be7 11.g3 Nb6 12.c5 Nbd7 13.Nxg6
hxg6 14.f4 Ne4 15.Nxe4 dxe4 16.Qc2 f5 17.Bc4 Nf8 18.O-O g5 19.b4
a6 20.a4 gxf4 21.exf4 Qd7 22.Be3 Nh7 23.Qb3 Kf7 24.g4 g6 25.g5
Nxg5 26.fxg5 Rh3 27.Rc3 Rch8 28.Rf2 R8h4 29.Bf4 Rg4+ 30.Kf1 Rxc3
31.Qxc3 Bxg5 32.Bxg5 Rxg5 33.Qe3 Rg4 34.Rg2 Rxg2 35.Kxg2 Qd8
36.h3 g5 37.h4 gxh4 38.Qh6 Qxd4 39.Qxe6+ Kg7 40.Qe7+ Kg6 41.Bf7+
Kh7 42.Be8+ Qg7+ 43.Qxg7+ Kxg7 44.Bd7 f4 45.Bf5 Kf6 46.Bxe4 Ke5
47.Bd3 Kd4 48.Bf1 a5 49.bxa5 Kxc5 50.a6 bxa6 51.Bxa6 Kb4 52.Kh3
Kxa4 53.Kxh4 1/2-1/2

[Event "Moscow Open 2009 B"]
[Site "www.moscowchessopen.ru"]
[Date "2009.02.08"]
[Round "9.24"]
[White "Murzin, Lenar"]
[Black "Krivonos, Nikolay"]
[Result "1-0"]
[WhiteElo "2175"]
[BlackElo "2294"]
[Annotator ""]
[Source ""]
[Remark ""]

1.d4 f5 2.g3 g6 3.Bg2 Nf6 4.Nf3 Bg7 5.c4 O-O 6.O-O d6 7.Nc3 Qe8
8.d5 Na6 9.Rb1 Nc5 10.Be3 Nfe4 11.Nxe4 Nxe4 12.Bd4 c5 13.dxc6
bxc6 14.Bxg7 Kxg7 15.Nd2 Ng5 16.e3 Nf7 17.b4 Bd7 18.Qc2 e5 19.Rfd1
Rc8 20.a4 Qe7 21.b5 Rfd8 22.Qb2 Kh6 23.Qa3 e4 24.h4 Ne5 25.a5
Be6 26.Bf1 c5 27.b6 axb6 28.Rxb6 Rc7 29.Qc3 Ra7 30.Be2 Bd7 31.Nb3
Be8 32.Kg2 Nc6 33.Rd5 Nb4 34.Rd1 Ba4 35.Ra1 Bxb3 36.Qxb3 Qe5
37.Ra4 Kg7 38.Qd1 Kf6 39.a6 Ke7 40.Ra5 h6 41.Rxb4 cxb4 42.Rxe5+
dxe5 43.Qa1 Kf6 44.Qa5 Rb8 45.c5 b3 46.Qd2 Kg7 47.Qd6 Raa8 48.Qxe5+
Kh7 49.Qe7+ Kh8 50.Qf6+ Kh7 51.h5 gxh5 52.Qxf5+ Kg7 53.Qe5+ Kg8
54.Bc4+ Kh7 55.Qxe4+ 1-0

[Event "Moscow Open 2009 B"]
[Site "www.moscowchessopen.ru"]
[Date "2009.02.08"]
[Round "9.25"]
[White "Konenkin, Dmitry"]
[Black "Grigoriev, Semyon"]
[Result "1-0"]
[WhiteElo "2289"]
[BlackElo "2161"]
[Annotator ""]
[Source ""]
[Remark ""]

1.d4 d5 2.Bg5 c6 3.e3 Bf5 4.c4 dxc4 5.Bxc4 Bxb1 6.Rxb1 Qa5+ 7.Kf1
Qxg5 8.Qb3 Qg6 9.Bd3 Qd6 10.Qxb7 Nf6 11.Qxa8 Qc7 12.Rc1 Nfd7
13.Bb5 e6 14.Bxc6 Bd6 15.Qb7 Qxb7 16.Bxb7 Nb6 17.Ne2 O-O 18.Nc3
N8d7 19.Ne4 Bb8 20.Ke2 g6 21.b3 Kg7 22.g4 f5 23.Nc5 Kf6 24.g5+
Ke7 25.f4 Bd6 26.h4 h5 27.gxh6 Nf6 28.Bf3 Rh8 29.h5 Rxh6 30.hxg6
Rxg6 31.Rcg1 Rxg1 32.Rxg1 Kf7 33.Nd3 Nbd5 34.Ne5+ Kf8 35.Rg6
Nc3+ 36.Kd3 Nce4 37.Bxe4 fxe4+ 38.Ke2 Be7 39.Rxf6+ 1-0

[Event "Moscow Open 2009 B"]
[Site "www.moscowchessopen.ru"]
[Date "2009.02.08"]
[Round "9.26"]
[White "Mosionzhik, Ilya"]
[Black "Betaneli, Alexander"]
[Result "0-1"]
[WhiteElo "2162"]
[BlackElo "2284"]
[Annotator ""]
[Source ""]
[Remark ""]

1.e4 e5 2.Nf3 Nc6 3.Bb5 a6 4.Ba4 Nf6 5.Qe2 b5 6.Bb3 Be7 7.d3
d6 8.c3 O-O 9.Nbd2 Na5 10.Bc2 c5 11.Nf1 Nc6 12.Ng3 d5 13.O-O
d4 14.Nh4 g6 15.Bh6 Re8 16.Nf3 Bf8 17.Bxf8 Rxf8 18.Qd2 Kg7 19.cxd4
cxd4 20.Bb3 Bg4 21.Ne1 Qa5 22.Qc1 Rac8 23.f3 Be6 24.Bxe6 fxe6
25.Rf2 Ne7 26.Rc2 h6 27.Kf1 Ng4 28.Ke2 Ne3 29.Rxc8 Rxc8 30.Qd2
Qc7 31.Nf1 Nxf1 32.Kxf1 g5 33.a4 Ng6 34.axb5 axb5 35.Ra6 Kf6
36.g3 Qc1 37.Qxc1 Rxc1 38.Rb6 h5 39.Rxb5 h4 40.b4 Rb1 41.Rb8
Rb2 42.gxh4 gxh4 43.h3 Nf4 44.Ra8 Rxb4 45.Ra2 Rb1 46.Rd2 0-1

[Event "Moscow Open 2009 B"]
[Site "www.moscowchessopen.ru"]
[Date "2009.02.08"]
[Round "9.27"]
[White "Bikuzhin, Vaksim"]
[Black "Khachatryan, Vahagn"]
[Result "1-0"]
[WhiteElo "2145"]
[BlackElo "2283"]
[Annotator ""]
[Source ""]
[Remark ""]

1.b3 e5 2.Bb2 Nc6 3.e3 Nf6 4.c4 d5 5.cxd5 Nxd5 6.a3 Be7 7.Qc2
O-O 8.Nf3 Bf6 9.d3 Bg4 10.Nbd2 Qe7 11.Be2 Rad8 12.O-O g6 13.b4
a6 14.Ne4 Bg7 15.Nc5 Bc8 16.Nxa6 f5 17.Nc5 f4 18.b5 Na5 19.e4
Nb6 20.Qc3 Bg4 21.a4 Bxf3 22.Bxf3 Rfe8 23.Ba3 Ra8 24.Nxb7 Qh4
25.Nxa5 g5 26.g3 Qh3 27.Bg2 Qh6 28.f3 1-0

[Event "Moscow Open 2009 B"]
[Site "www.moscowchessopen.ru"]
[Date "2009.02.08"]
[Round "9.28"]
[White "Savitskiy, Sergey"]
[Black "Kirillov, Igor"]
[Result "0-1"]
[WhiteElo "2143"]
[BlackElo "2277"]
[Annotator ""]
[Source ""]
[Remark ""]

1.e4 c5 2.Nf3 Nc6 3.Bb5 g6 4.O-O Bg7 5.c3 Nf6 6.Re1 O-O 7.d4
cxd4 8.cxd4 d5 9.e5 Ne4 10.Bxc6 bxc6 11.Nbd2 Nxd2 12.Bxd2 Qb6
13.b4 Bg4 14.Bc3 f6 15.e6 f5 16.Qd2 Bxf3 17.gxf3 Qa6 18.a3 Qa4
19.Bb2 a5 20.Bc3 Qb3 21.bxa5 c5 22.Reb1 Qc4 23.Rc1 cxd4 24.Bb4
Qb3 25.Kg2 Bf6 26.Rab1 Qa4 27.Rc7 Rfe8 28.Qd3 Rxa5 29.Bxa5 Qxa5
30.Rcb7 Qc3 31.R1b3 Qc1 32.a4 Qg5+ 33.Kf1 Qf4 34.a5 Rc8 35.Rb1
Rc3 36.R7b3 Rxd3 37.Rxd3 Qc7 38.Ra3 Qc4+ 39.Kg2 Qa6 40.Rb6 Qa7
41.Rb5 Be5 42.a6 Bd6 43.Ra2 Kg7 44.Rb7 Qa8 45.a7 d3 46.Rd7 Be5
47.Kf1 Kf6 48.Rd8 Qxd8 49.a8Q Qxa8 50.Rxa8 Bxh2 51.Rh8 h5 52.Rg8
Bf4 53.Ke1 g5 54.Rh8 h4 55.Rh6+ Ke5 56.Kf1 Kd6 57.Ke1 Ke5 58.Kf1
Bc1 59.Ke1 Kf4 60.Rh7 Ba3 61.Rf7 Bb4+ 62.Kd1 Ke5 63.Rg7 Kf6 64.Rg8
Bc5 65.Ke1 Bd4 66.Kd2 Bxf2 67.Kxd3 h3 68.Rh8 Bh4 0-1

[Event "Moscow Open 2009 B"]
[Site "www.moscowchessopen.ru"]
[Date "2009.02.08"]
[Round "9.29"]
[White "Rosanov, Lev I"]
[Black "Bazarov, Konstantin"]
[Result "0-1"]
[WhiteElo "2129"]
[BlackElo "2256"]
[Annotator ""]
[Source ""]
[Remark ""]

1.e4 d5 2.exd5 Qxd5 3.Nc3 Qd6 4.d4 Nf6 5.Nf3 a6 6.Be2 Nc6 7.O-O
Bf5 8.Be3 h6 9.h3 g5 10.d5 Nb4 11.Nd4 Bg6 12.Bf3 Nbxd5 13.Bxd5
Nxd5 14.Ncb5 axb5 15.Nxb5 Qd7 16.Qxd5 Bg7 17.c3 c6 18.Qxd7+ Kxd7
19.Rfd1+ Kc8 20.Nd4 Rd8 21.a3 e5 22.Nf3 Kc7 23.g4 f6 24.Ne1 Bf8
25.Kf1 Be7 26.Ke2 h5 27.Rxd8 Rxd8 28.Rd1 Rh8 29.Nd3 Bf7 30.Nc5
Bd5 31.a4 hxg4 32.hxg4 Rh3 33.Rg1 Rxe3+ 34.fxe3 Bxc5 35.b4 Be7
36.Kd3 e4+ 37.Kd4 Bd6 38.a5 Be5+ 39.Kc5 Bxc3 40.Rh1 Bd2 41.Rh7+
Kb8 42.Rh3 Be6 43.Rh8+ Ka7 44.a6 Bxe3+ 45.Kd6 Bxg4 0-1

[Event "Moscow Open 2009 B"]
[Site "www.moscowchessopen.ru"]
[Date "2009.02.08"]
[Round "9.30"]
[White "Zernyshkin, Vladislav"]
[Black "Senkow, Alexandr"]
[Result "1/2-1/2"]
[WhiteElo "2242"]
[BlackElo "2149"]
[Annotator ""]
[Source ""]
[Remark ""]

1.e4 d5 2.exd5 Nf6 3.d4 Nxd5 4.Nf3 Bg4 5.Be2 e6 6.c4 Nb6 7.O-O
c6 8.b3 N8d7 9.Bb2 Be7 10.Nbd2 Nf6 11.Ne5 Bxe2 12.Qxe2 Nbd7 13.Rad1
Qc7 14.d5 cxd5 15.cxd5 Nxd5 16.Nxd7 Qxd7 17.Bxg7 Rg8 18.Be5 Rg5
19.f4 Rg6 20.Ne4 f6 21.Bd6 f5 22.Bxe7 Qxe7 23.Qb5+ Kf8 24.Ng5
Nc3 25.Nxh7+ Kf7 26.Qe5 Nxd1 27.Rxd1 Rd8 28.Re1 Rd5 29.Ng5+ Qxg5
30.Qxd5 exd5 31.fxg5 Rxg5 32.Re5 d4 33.h3 Rg3 34.Rxf5+ Ke6 35.Rf3
Rg6 36.Rf8 Ke5 37.Re8+ Kd5 38.Kf2 Ra6 39.Kf3 Rxa2 40.h4 Rb2 41.h5
Rxb3+ 42.Kf4 Rb1 43.g4 Rh1 44.Kg3 1/2-1/2

[Event "Moscow Open 2009 B"]
[Site "www.moscowchessopen.ru"]
[Date "2009.02.08"]
[Round "9.31"]
[White "Stets, Vasilij"]
[Black "Pranizin, Gennady"]
[Result "1-0"]
[WhiteElo "2239"]
[BlackElo "2145"]
[Annotator ""]
[Source ""]
[Remark ""]

1.e4 e5 2.f4 exf4 3.Nf3 h6 4.Bc4 d6 5.d4 g5 6.O-O Bg7 7.g3 Nc6
8.c3 fxg3 9.Bxf7+ Ke7 10.hxg3 Nf6 11.Bg6 Qd7 12.e5 dxe5 13.Nxe5
Qd5 14.Qe2 Be6 15.Nxc6+ Qxc6 16.Re1 Kd7 17.Na3 Qd6 18.Qb5+ Kc8
19.Bf4 gxf4 20.Rxe6 a6 21.Qf5 Qd7 22.Rxf6 Bxf6 23.Qxf6 Qd8 24.Qxf4
Rf8 25.Bf5+ Kb8 26.Nc4 Ka7 27.Ne5 Qd6 28.Rf1 Rg8 29.Kh2 Raf8
30.Qe3 Rg5 31.Bh3 Rxf1 32.Bxf1 Qe6 33.b3 Ka8 34.Bg2 Rg7 35.Qf3
Qc8 36.Qf6 Rg8 37.Qxa6+ Kb8 38.Nd7+ 1-0

[Event "Moscow Open 2009 B"]
[Site "www.moscowchessopen.ru"]
[Date "2009.02.08"]
[Round "9.32"]
[White "Melkonian, Vardan"]
[Black "Fokin, Sergey"]
[Result "0-1"]
[WhiteElo "2238"]
[BlackElo "2142"]
[Annotator ""]
[Source ""]
[Remark ""]

1.d4 Nf6 2.Nf3 e6 3.Bf4 b6 4.Nbd2 Bb7 5.h3 c5 6.e3 cxd4 7.exd4
Be7 8.Bd3 O-O 9.O-O d6 10.Re1 Nbd7 11.c3 Re8 12.Ng5 Nf8 13.Bg3
Nd5 14.Ngf3 Ng6 15.Nc4 Rc8 16.Qd2 Nf6 17.Qe2 Nh5 18.Qe3 Nxg3
19.fxg3 e5 20.Ncd2 Bf6 21.Ne4 Bxe4 22.Qxe4 d5 23.Qg4 e4 24.Bb5
Rf8 25.Nd2 Bg5 26.Nf1 f5 27.Qd1 Qd6 28.Ba4 Kh8 29.Bb3 b5 30.Qh5
Bd8 31.Rad1 Bc7 32.Qg5 Rf6 33.Re2 Rcf8 34.Rf2 Ne7 35.Re1 h6 36.Qh5
g5 37.Qe2 a6 38.Qh5 Kg7 39.h4 Rg6 40.Rd1 f4 41.gxf4 gxf4 42.Qe5+
Qxe5 43.dxe5 Bb6 44.Bxd5 Rd8 45.Bb3 Rxd1 46.Bxd1 e3 0-1

[Event "Moscow Open 2009 B"]
[Site "www.moscowchessopen.ru"]
[Date "2009.02.08"]
[Round "9.33"]
[White "Gabdrakipov, Ilshat"]
[Black "Gharagyozian, Artur"]
[Result "1-0"]
[WhiteElo "1400"]
[BlackElo "2233"]
[Annotator ""]
[Source ""]
[Remark ""]

1.e4 c5 2.Nf3 Nc6 3.Bb5 g6 4.O-O Bg7 5.c3 Qb6 6.Bxc6 bxc6 7.d4
cxd4 8.cxd4 Nf6 9.Nc3 O-O 10.b3 d6 11.h3 a5 12.Be3 Ba6 13.Re1
Rfc8 14.Rc1 Nd7 15.e5 dxe5 16.dxe5 Qb7 17.e6 fxe6 18.Bd4 e5 19.Bxe5
Bh6 20.Bd4 Nf6 21.Be3 Rd8 22.Qc2 Bd3 23.Qd2 Ne4 24.Nxe4 Bxe4
25.Qc3 Bf8 26.Ng5 Bg7 27.Qc5 Bd5 28.Bf4 Rd7 29.Ne6 Bf6 30.Qe3
Qb4 31.Bg5 Re8 32.Qg3 Bb2 33.Rb1 Bf6 34.Qe3 Qd6 35.Bf4 Qb4 36.Rbd1
Rc8 37.Nc5 Rdd8 38.Ne6 Re8 39.Re2 Kh8 40.Nc7 Red8 41.Red2 e6
42.Be5 Qe7 43.Nxd5 cxd5 44.Re1 Rc6 45.Qd4 Kg7 46.Rde2 Rf8 47.Bxf6+
Qxf6 48.Qa7+ Rf7 1-0

[Event "Moscow Open 2009 B"]
[Site "www.moscowchessopen.ru"]
[Date "2009.02.08"]
[Round "9.34"]
[White "Orlov, Evgeny"]
[Black "Tiukaev, Ilgiz"]
[Result "1-0"]
[WhiteElo "2233"]
[BlackElo "2134"]
[Annotator ""]
[Source ""]
[Remark ""]

1.e4 e5 2.Nc3 Nf6 3.f4 d5 4.fxe5 Nxe4 5.Qf3 Nxc3 6.dxc3 Be7 7.Bf4
c6 8.O-O-O Qa5 9.Qg3 g5 10.e6 gxf4 11.exf7+ Kxf7 12.Qxf4+ Bf6
13.Be2 d4 14.Rf1 Nd7 15.Bc4+ Ke7 16.Nf3 dxc3 17.Rd1 Rf8 18.Rhe1+
Kd8 19.Qd6 Bg5+ 20.Kb1 Rf6 21.Qe7+ Kc7 22.Ne5 Bd2 23.Nxd7 Bxd7
24.Qxf6 Qb4 25.Bb3 Bxe1 26.Qe5+ Kb6 27.Rxd7 cxb2 28.Qc7+ Ka6
29.Bc4+ Qxc4 30.Qxb7+ Ka5 31.Qxa8 Bf2 32.Rd3 Qf4 33.Rd1 Qe4 34.Qd8+
Bb6 35.Qd2+ Kb5 36.Qd3+ Qc4 37.Qb3+ Kc5 38.Rd3 Ba5 39.Qxc4+ 1-0

[Event "Moscow Open 2009 B"]
[Site "www.moscowchessopen.ru"]
[Date "2009.02.08"]
[Round "9.35"]
[White "Kapov, Albert"]
[Black "Kurukin, Dmitry"]
[Result "1-0"]
[WhiteElo "2176"]
[BlackElo "2202"]
[Annotator ""]
[Source ""]
[Remark ""]

1.e4 c5 2.Nf3 d6 3.d4 cxd4 4.Nxd4 Nf6 5.Nc3 a6 6.f3 e5 7.Nb3
Be6 8.Be3 Nbd7 9.Qd2 b5 10.Qf2 b4 11.Ne2 d5 12.Ng3 d4 13.Bd2
h5 14.Bd3 g6 15.O-O h4 16.Ne2 Bh6 17.f4 h3 18.g3 Ng4 19.Qf3 f5
20.exf5 gxf5 21.Bxb4 Ndf6 22.Nexd4 exd4 23.Rae1 Ne3 24.Nxd4 Qxd4
25.Qxa8+ Kf7 26.Qb7+ Kg6 27.Bc3 Qc5 28.Qb4 Qc6 29.Rf2 Neg4 30.Bxf6
Nxf2 31.Kxf2 Qg2+ 32.Ke3 Re8 33.Re2 Qg1+ 34.Kd2 Kxf6 35.Qd6 Kf7
36.Bc4 Bxc4 37.Qd7+ Kf6 38.Rxe8 Qxh2+ 39.Kc3 Qxg3+ 40.Kxc4 Qxf4+
41.Kb3 Qf3+ 42.c3 Kg5 43.Rg8+ Kf4 44.Qd6+ Ke4 45.Re8# 1-0

[Event "Moscow Open 2009 B"]
[Site "www.moscowchessopen.ru"]
[Date "2009.02.08"]
[Round "9.36"]
[White "Trusov, Mikhail"]
[Black "Sargissyan, Sargis"]
[Result "1-0"]
[WhiteElo "2191"]
[BlackElo "2119"]
[Annotator ""]
[Source ""]
[Remark ""]

1.e4 e5 2.Nf3 Nc6 3.Bb5 a6 4.Ba4 Nf6 5.O-O Be7 6.Re1 b5 7.Bb3
O-O 8.h3 Bb7 9.d3 d5 10.exd5 Nxd5 11.Nxe5 Nd4 12.Nc3 Nb4 13.Ne4
Nxb3 14.axb3 Qd5 15.Nf3 Rfe8 16.Bd2 f5 17.Ng3 Nc6 18.Bc3 Bf8
19.Nh5 b4 20.Nf4 Qd6 21.Bd2 g6 22.c3 Bg7 23.d4 Re4 24.Nd3 Rae8
25.Nc5 Rxe1+ 26.Bxe1 Bc8 27.Bd2 a5 28.Qf1 1-0

[Event "Moscow Open 2009 B"]
[Site "www.moscowchessopen.ru"]
[Date "2009.02.08"]
[Round "9.37"]
[White "Karlson, Vladilen"]
[Black "Kharlamov, Igor"]
[Result "1-0"]
[WhiteElo "2190"]
[BlackElo "2088"]
[Annotator ""]
[Source ""]
[Remark ""]

1.e4 c5 2.Nf3 d6 3.d4 cxd4 4.Nxd4 Nf6 5.Nc3 Nc6 6.Bg5 e6 7.Qd2
a6 8.O-O-O Qc7 9.Bxf6 gxf6 10.f4 Bd7 11.Be2 h5 12.Kb1 O-O-O 13.Rhf1
Be7 14.Rf3 h4 15.Nxc6 Bxc6 16.Nd5 Bxd5 17.exd5 Kb8 18.Rc3 Qb6
19.Rb3 Qa7 20.Qa5 Rd7 21.Qxa6 Qxa6 22.Bxa6 Rg8 23.g3 f5 24.Rd4
Ka7 25.Bb5 Rc7 26.Bc6 hxg3 27.hxg3 Bh4 28.Ra4+ Kb8 29.Rba3 Rcc8
30.Ra8+ Kc7 31.Rxc8+ Rxc8 32.gxh4 bxc6 33.Rh3 cxd5 34.Rc3+ Kd7
35.Rxc8 Kxc8 36.h5 1-0

[Event "Moscow Open 2009 B"]
[Site "www.moscowchessopen.ru"]
[Date "2009.02.08"]
[Round "9.38"]
[White "Klimovets, Kirill"]
[Black "Dolbnia, Dmitry"]
[Result "1-0"]
[WhiteElo "2183"]
[BlackElo "2027"]
[Annotator ""]
[Source ""]
[Remark ""]

1.e4 c5 2.Nf3 d6 3.Bb5+ Bd7 4.a4 Nc6 5.O-O a6 6.Bc4 Nf6 7.Re1
e6 8.c3 Be7 9.Bb3 O-O 10.d4 cxd4 11.cxd4 d5 12.Nc3 dxe4 13.Nxe4
Nxe4 14.Rxe4 Nb4 15.Ne5 Bc8 16.Bd2 b6 17.Bxb4 Bxb4 18.Nc6 Qd6
19.d5 Bc5 20.Qh5 Bb7 21.Qg5 Bxc6 22.dxc6 Qxc6 23.Rg4 g6 24.Qh6
f5 25.Rxg6+ hxg6 26.Qxg6+ Kh8 27.Qh6+ Kg8 28.Bxe6+ Qxe6 29.Qxe6+
Kg7 30.Rd1 Rf7 31.h4 Rh8 32.Qe5+ Kh7 1-0

[Event "Moscow Open 2009 B"]
[Site "www.moscowchessopen.ru"]
[Date "2009.02.08"]
[Round "9.39"]
[White "Dzhangobegov, Vladimir"]
[Black "Atababayev, Khalid"]
[Result "1-0"]
[WhiteElo "2180"]
[BlackElo "1961"]
[Annotator ""]
[Source ""]
[Remark ""]

1.e4 Nf6 2.e5 Nd5 3.c4 Nb6 4.c5 Nd5 5.Nc3 e6 6.d4 Nxc3 7.bxc3
b6 8.Qf3 c6 9.cxb6 axb6 10.Nh3 d6 11.Ng5 f6 12.exf6 Qxf6 13.Qg3
e5 14.Bd3 Bf5 15.dxe5 dxe5 16.Bc4 Ra7 17.O-O h6 18.Re1 Bd6 19.Ne4
Bxe4 20.Rxe4 Nd7 21.Be3 Ra3 22.Bb3 Kd8 23.Rd1 Ke7 24.h4 Re8 25.Rg4
e4 26.Bf4 Ne5 27.Rxg7+ Kf8 28.Rg6 Nxg6 29.Bxd6+ 1-0

[Event "Moscow Open 2009 B"]
[Site "www.moscowchessopen.ru"]
[Date "2009.02.08"]
[Round "9.40"]
[White "Lopukhin, Anatoly"]
[Black "Lisinov, Viacheslav"]
[Result "1-0"]
[WhiteElo "1400"]
[BlackElo "2129"]
[Annotator ""]
[Source ""]
[Remark ""]

1.d4 Nf6 2.Nf3 c5 3.d5 e6 4.Nc3 d6 5.e4 Be7 6.Bb5+ Bd7 7.dxe6
fxe6 8.e5 dxe5 9.Nxe5 Bxb5 10.Qxd8+ Bxd8 11.Nxb5 O-O 12.a4 Nd5
13.Bd2 Bf6 14.Nc4 Nc6 15.O-O Nd4 16.c3 Nf5 17.Rfe1 Rfe8 18.a5
a6 19.Nbd6 Nxd6 20.Nxd6 Re7 21.Nc4 Rd8 22.Kf1 e5 23.Re4 g6 24.Rae1
Kg7 25.g3 h6 26.f3 Kf7 27.Kf2 Bg7 28.Ke2 Re6 1-0

[Event "Moscow Open 2009 B"]
[Site "www.moscowchessopen.ru"]
[Date "2009.02.08"]
[Round "9.41"]
[White "Popelyshev, Igor V"]
[Black "Kachar, Vladimir"]
[Result "0-1"]
[WhiteElo "2159"]
[BlackElo "2295"]
[Annotator ""]
[Source ""]
[Remark ""]

1.e4 c5 2.Nc3 Nc6 3.f4 g6 4.Nf3 Nf6 5.Bc4 e6 6.e5 Nh5 7.g3 a6
8.a4 d6 9.exd6 Bxd6 10.Ne4 Be7 11.O-O O-O 12.Re1 b6 13.b3 Nf6
14.Bb2 Nxe4 15.Rxe4 Bb7 16.Re1 Bf6 17.Bxf6 Qxf6 18.c3 Rfd8 19.Qc2
Nd4 20.Nxd4 cxd4 21.Re5 Qe7 22.Rae1 Qc7 23.Bd3 dxc3 24.dxc3 Rac8
25.c4 Rd4 26.Be4 Rcd8 27.Bxb7 Qxb7 28.Qg2 Qc7 29.h4 Rd2 30.R1e2
Rd1+ 31.Kh2 Qd6 32.h5 Rb1 33.R5e3 Qc5 34.g4 Qd4 35.Qg3 Qa1 36.Qg2
Qf6 37.Rf2 Kh8 38.g5 Qd4 39.Qf3 gxh5 40.Re4 Qd1 41.Qxd1 Rdxd1
42.Re3 Kg7 43.Rc3 Rh1+ 0-1

[Event "Moscow Open 2009 B"]
[Site "www.moscowchessopen.ru"]
[Date "2009.02.08"]
[Round "9.43"]
[White "Sampilov, Bazarjap"]
[Black "Artamonov, Valery"]
[Result "1-0"]
[WhiteElo "2157"]
[BlackElo "2289"]
[Annotator ""]
[Source ""]
[Remark ""]

1.e4 c5 2.Nf3 Nc6 3.d4 cxd4 4.Nxd4 Nf6 5.Nc3 e5 6.Ndb5 d6 7.Nd5
Nxd5 8.exd5 Ne7 9.c4 Nf5 10.Bd3 g6 11.O-O Bg7 12.Kh1 O-O 13.f4
Bd7 14.Nc3 Re8 15.Qf3 Qh4 16.Qf2 Rac8 17.Qxh4 Nxh4 18.g3 Bf5
19.Bxf5 Nxf5 20.g4 Nd4 21.Ne4 Red8 22.b3 f5 23.gxf5 gxf5 24.Ng3
b5 25.Bb2 Nc2 26.Rac1 Ne3 27.Rg1 Kf7 1-0